000 00266nam a22001097a 4500
008 170120b xxu||||| |||| 00| 0 eng d
020 _a9781932514001
041 _aeng
080 _a618.2
245 _aTEACHING NURSING: IN ART AND SCIENCE
_cCAPUTI, L
942 _2udc
_cBK
999 _c3307
_d3307